Comercio exterior y crecimiento económico en España, 1826 - 1913 (Record no. 120768)

MARC details
000 -LEADER
campo de control de longitud fija 00722nam a2200205 4500
001 - NÚMERO DE CONTROL
campo de control 120768
003 - IDENTIFICADOR DE NÚMERO DE CONTROL
campo de control ES-MaACL
005 - FECHA Y HORA DE LA ÚLTIMA TRANSACCIÓN
campo de control 20250630032906.0
007 - CAMPO FIJO DE DESCRIPCIÓN FÍSICA--INFORMACIÓN GENERAL
campo de control de longitud fija t|
008 - DATOS DE LONGITUD FIJA--INFORMACIÓN GENERAL
campo de control de longitud fija 070214s1982 sp r ||||1| spa d
100 1# - ENTRADA PRINCIPAL--NOMBRE DE PERSONA
Nombre de persona Prados de la Escosura, Leandro.
9 (RLIN) 93638
245 10 - MENCIÓN DEL TÍTULO
Título Comercio exterior y crecimiento económico en España, 1826 - 1913
Resto del título : tendencias a largo plazo /
Mención de responsabilidad, etc. Leandro Prados de la Escosura.
260 ## - PUBLICACIÓN, DISTRIBUCIÓN, ETC.
Lugar de publicación, distribución, etc. Madrid :
Nombre del editor, distribuidor, etc. Banco de España,
Fecha de publicación, distribución, etc. 1982.
300 ## - DESCRIPCIÓN FÍSICA
Extensión 119 p. ;
Dimensiones 24 cm.
490 1# - MENCIÓN DE SERIE
Mención de serie Estudios de Historia Económica ;
Designación de volumen o secuencia 7
710 2# - ENTRADA AGREGADA--NOMBRE DE ENTIDAD CORPORATIVA
Nombre de entidad corporativa o nombre de jurisdicción como elemento de entrada Banco de España
9 (RLIN) 2104
830 0# - PUNTO DE ACCESO ADICIONAL DE SERIE-TÍTULO UNIFORME
Título uniforme Estudios de Historia Económica ;
Designación de volumen o secuencia 7
9 (RLIN) 179607
852 ## - LOCALIZACIÓN
Ubicación ES-MaACL
Número de control de estantería L-2429
Sublocalización o colección R.103189
Holdings
Estatus retirado Estado de pérdida Estado de daño No para préstamo Biblioteca de origen Biblioteca actual Ubicación en estantería Fecha de adquisición Fuente de adquisición Total de préstamos Signatura topográfica completa Código de barras Visto por última vez Precio de reemplazo Tipo de ítem Koha
        Biblioteca del Ateneo de Madrid Biblioteca del Ateneo de Madrid Depósito 2 17/01/2008     L-2429 1125876 23/02/2023 23/02/2023 Libro impreso